Cet objet a-t-il été créé en Chine ? - Statistiques

Statistiques générales
  • Ce quiz a été pris 251 fois
  • Le résultat moyen est 13 sur 25
Statistiques - réponses
Hint Réponse % Correct
Les allumettes Oui 🇨🇳
75%
Le papier monnaie Oui 🇨🇳
74%
Le champagne Non ❌
73%
La poudre à canon Oui 🇨🇳
72%
L'impression typographique Oui 🇨🇳
70%
La baïonnette. Non ❌
67%
La boussole Oui 🇨🇳
65%
La charrue en métal Oui 🇨🇳
63%
Le parapluie Oui 🇨🇳
62%
Le grille pain Non ❌
61%
Le sismographe Oui 🇨🇳
56%
L'arbalète Oui 🇨🇳
55%
L'utilisation du gaz naturel pour se chauffer Oui 🇨🇳
51%
La lampe de poche Non ❌
49%
Le dentifrice Non ❌
48%
La méthamphétamine Non ❌
47%
Le paratonnerre Non ❌
45%
Le ju-jitsu Non ❌
45%
Le gramophone Non ❌
45%
La montgolfière Non ❌
45%
La soupe pho Non ❌
42%
La papier toilette Oui 🇨🇳
39%
Les biscuits chinois Non ❌
38%
La glace Oui 🇨🇳
32%
Le code QR Non ❌
30%
Aucun quiz correspondant
Distribution des résultats
% des personnes avec chaque résultat
Percentile par nombre de réponses
Votre historique - résultats
Vous n’avez pas pris ce quiz